000 nam a22 7a 4500
999 _c7196
_d7196
008 170728b xxu||||| |||| 00| 0 eng d
100 _93772
_aTripp David Paul
245 _aGrief
_bFinding hope again
260 _aAmerica
_bNew Delhi
_c2004